00637nam a2200145 a 450000100080000000500110000800800410001910000210006024500580008126002840013930000140042365000100043770000230044770000210047015757502026-02-23 2009 bl uuuu u00u1 u #d1 aMORAES, J. C. F. aA look at the coat colour of Brazilian Crioula Sheep. aIn: WORLD CONGRESS ON COLOURED SHEEP, 7., 2009, Canela, RS. Proceedings... Porto Alegre: Associação Brasileira de Criadores de Ovinos Naturalmente Coloridos: Associação Brasileira de Criadores de Border Leicester: Associação Brasileira de Criadores de Ovinos Crioulosc2009 ap. 64-65. aOvino1 aSOUZA, C. J. H. de1 aBENAVIDES, M. V.